000 00506nmm a2200169Ia 4500
008 251105s9999||||xx |||||||||||||||||und||
020 _a9788476588413
041 _aspa
100 _aSuárez Molnar, Rodolfo
245 0 _aExplicación histórica y tiempo social
264 _a[Madrid, España] :
_bAnthropos,
_c2007
300 _a208 páginas
490 _aAutores, textos y temas. Psicologia
650 _aHistory (General)
856 _uhttps://public.digitaliapublishing.com/a/15722
942 _cCF
999 _c85174
_d85174